Quizzes
Events
Quiz Creation
Community
Videos
Private Events
Remove Ads
Sign In
Join for FREE
Feedback
Dark Mode
Quiz Categories
Sports
Geography
Music
Movies
Television
Just For Fun
Miscellaneous
History
Literature
Language
Science
Gaming
Entertainment
Religion
Holiday
For Kids
Quiz Lab
Recent
Popular Today
Quiz Kudos Today
Editor Picks
Curator Picks
Quizzes by...
Day
Popularity
Type
Ratings
Length
Year
Community
Subscriptions
Recent Discussions
Orange Saloon
Badges
Playlists
Quests
Create
Leaderboards
Showdown
Live 5
Trivia Bingo
Activity
Puzzle Library
Sporcle Events
Private Events
Virtual Trivia
Globe League
Become a Host
Pub Owners
SporcleCon
Opinionation
Our Games
Videos
Blog
Mobile Apps
Partnerships
Remove Ads and Go Orange
Feedback
Sports
Athletes
MLB
NBA
NHL
NFL
Soccer
Sports Teams
WWE
NCAA
Football
Premier League
Basketball
Baseball
Hockey
Golf
Tennis
Cricket
Rugby
Auto Racing
Olympics
World Cup
Sports
Athletes
MLB
NBA
NHL
NFL
Soccer
Sports Teams
WWE
NCAA
Football
Premier League
Basketball
Baseball
Hockey
Golf
Tennis
Cricket
Rugby
Auto Racing
Olympics
World Cup
Random Quiz
Search Sporcle
×
Quiz Lab
Quiz Lab
Sports
Logo
Type in answers that appear in a list
Type in answers that appear in a list
Classic
Best Score? Go Orange.
Bowl game logos close-up Stats
Can you name the following bowl games by their close-up logos?
By
banana34
4m
20 Questions
184 Plays
184 Plays
184 Plays
Comments
Comments
Give Quiz Kudos
Give Quiz Kudos
-
- Ratings
hide this ad
More Info
Forced Order
Answers have to be entered in order
Answers have to be entered in order
Replay
Link that replays current quiz
Next Quiz
Link to next quiz in quiz playlist
You Got
0%
They Got
Avg Score
33%
Avg Friend Score
Upgrade to see
Score Distribution
Jump to the score distribution portion of the page
Score
0/20
Timer
04:00
0
Plays Today
Number
Bowl Game
% Correct
2
Chick-fil-a Bowl
89.7%
4
Orange Bowl
83.7%
1
Alamo Bowl
67.9%
6
Rose Bowl
67.9%
19
Tostitos Fiesta Bowl
50.5%
9
Pacific Life Holiday Bowl
40.2%
5
Hawaii Bowl
34.8%
10
Texas Bowl
31.5%
7
Insight Bowl
29.9%
13
Sugar Bowl
27.2%
Number
Bowl Game
% Correct
16
Emerald Bowl
26.6%
3
New Mexico Bowl
23.9%
17
CapitalOne Bowl
23.9%
14
Outback Bowl
20.1%
15
San Diego County Credit Union Poinsettia Bowl
20.1%
8
St Petersburg Bowl
10.3%
20
Gaylord Hotels Music City Bowl
6%
11
Champs Sports Bowl
5.4%
12
Gator Bowl
5.4%
18
Roady's Humanitarian Bowl
3.3%
Quiz Playlist
Details
Report
Send in Message
Add To Playlist
More Info:
sorry for the bad quality, i haven't done quizzes for a long time
Classic:
Type in answers that appear in a list
Forced Order:
Answers have to be entered in order
Quiz Source
Last Updated: Apr 5, 2018
Quiz Scoreboard
CHALLENGE
Sign Up to Join the Scoreboard
Show All
Scores
Hide
Comments
May contain spoilers
Recently Published
TV Characters by Other Roles V
by ghcgh
Television
5m
Decade Duel: World Leaders
by jenniferyan
History
4m
Alphabetical 'K' Countries by Flag Minefield
by ylime102
Geography
3m
More to Explore
Quiz From the Vault
Featured Blog Post
15 Basketball Trivia Facts You Can Be March Mad About
hide this ad
You Might Also Like...
Tags
Board Games Quiz
Logo Quiz
Numbers Quiz
Bowl
close-up
Today's Top Quizzes in Sports
Browse Sports
hide this ad
Today's Top Quizzes in Logo
Browse Logo
Top Contributed Quizzes in Sports
1
Les joueurs à 100 buts en Ligue 1 Uber Eats
2
2022 World Cup Stars
3
Pick 6: NFL Teams
4
MLB 2 truths and a lie: Hall of Fame pitchers
5
Pick 6: Minor League Baseball
6
Millionaire: NBA Finals Edition
7
Pick 6: Olympics
8
50+ Goals in European Competition
9
Click the 1998 NBA Draft
10
Iconic Moments in Football - Multiple Choice
Explore More
Trending Topics
NBA
Crossword
Disney
Anime
Harry Potter
Marvel
Kpop
The Office
Puzzle
Song
WWE
Country
NFL
Soccer
Pokémon
hide this ad
More By:
banana34
Quiz
Plays
Rating
Category
Featured
Created
Second QB drafted
339
5.00
Sports
Apr 17, 2010
NBA-D teams
19
3.33
Sports
Jan 16, 2010
Go to Creator's Profile
Score Distribution
Quiz Creator Spotlight
banana34
Follow
Send a Message
Quizzes Created
-
Created Quiz Play Count
-
More By This Creator
Popular Quizzes Today
1
Countries of Asia Without Outlines Minefield
2
Find the US States - No Outlines Minefield
3
Pick 6: Fruits
4
The Countries of the World
5
Find the Countries of Europe - No Outlines Minefield
6
Alphabetical 'K' Countries by Flag Minefield
7
US States
8
Find the US States
More Sports Quizzes
MLB Franchise Top 10: Chicago Cubs
Quiz Lab
Trending Quizzes
Pick 6: Mountains
Pick 6: Harry Potter
Pick 6: NFL Teams
Pick 6: Flags
C Names for Actors
Recently Updated
Adaptations: Name the Title
pecheneg
NWSL Teams
pecheneg
Women's Final Four Teams by Year
bhenderson79
Presidents Quartet II
eogle
Anything But Clue(do)
eogle
Anything But Oceanian Capitals
eogle
Anything But 7
eogle
Anything But Thing
eogle
Word Ladder: February 29
pecheneg
Song Title Questions
pecheneg
Trending Topics
NBA
Kpop
Anime
Marvel
Disney
Harry Potter
Crossword
Country
Puzzle
Song
Pokémon
NFL
Soccer
The Office
WWE
Your Account Isn't Verified!
In order to create a playlist on Sporcle, you need to verify the email address you used during registration. Go to your
Sporcle Settings
to finish the process.
Report this User
Report this user for behavior that violates our
Community Guidelines
.
Details:
Send Report
Go to the Sporcle.com Mobile Site →
Comments